The high court bulletin [2009] H.C.B Vol. 2 : (Record no. 40180)

MARC details
000 -LEADER
fixed length control field 02857nam a22002297a 4500
003 - CONTROL NUMBER IDENTIFIER
control field OSt
005 - DATE AND TIME OF LATEST TRANSACTION
control field 20260407091519.0
008 - FIXED-LENGTH DATA ELEMENTS--GENERAL INFORMATION
fixed length control field 260407b |||||||| |||| 00| 0 eng d
040 ## - CATALOGING SOURCE
Original cataloging agency LC
Language of cataloging ENG
Transcribing agency LC
Modifying agency ABK
Description conventions RDA
082 ## - DEWEY DECIMAL CLASSIFICATION NUMBER
Edition number 23rd ed.
Classification number 348.044
Item number HIG
245 ## - TITLE STATEMENT
Title The high court bulletin [2009] H.C.B Vol. 2 :
Remainder of title (a digest of judgements and orders of the supreme court of Uganda, the court of appeal of Uganda, the constitutional court and the high court of Uganda) /
Statement of responsibility, etc. edited by Didas Bakunzi Mufasha, Rose Kawesa Nalule, Muwada Nkunyingi.
260 ## - PUBLICATION, DISTRIBUTION, ETC.
Place of publication, distribution, etc. Kampala, Uganda :
Name of publisher, distributor, etc. The Law Development Center,
Date of publication, distribution, etc. January/December 2009.
300 ## - PHYSICAL DESCRIPTION
Extent 52 pages:
Dimensions 28.5 cm.
505 ## - FORMATTED CONTENTS NOTE
Formatted contents note Amooti Godfrey Nyakana Vs. National Environment Management Authority And 6 Others (Cc).. ......4 Andrew Keenan Vs. Pearl Hoareau (HC)... 48 Bamanye Fazil Vs. Nankunda Rose (HC),..... .20 Bank of Uganda Vs. Caring for Orphans, Widows and Elderly Limited (CA) .....7 Betuco (U) Limited and Anor Vs. Barclays Bank (U) Limited and Another (HC) ...33 Bitangaro & C0. Advocates Vs. Emmanuel Katto (HC)..... East Mengo Growers Co-Operative Union Ltd. vs. The Registrar of Titles (HC)...... .24 14a Francis Brake Lubega Vs. Barnabas Taremwa (HC).....44 His Worship Aggrey Bwire Vs. Attorney General and Judicial Service Commission (CC)..... 10 Hoima District Local Government Vs. Global Construction Co. Limited (HC)…26 ...... In The Matter Of An Application for Guardianship Of Mark Mulindwa (Minor) By Grace Tamale (HC)....18 In the Matter of Isaac Rukundo (Infant) (Application for Adoption By Brent David Potts) (HC)... 16 ... In The Matter of Odoke Emmanuel (Infant) Application for Legal Guardianship by Daniel K. Ludlam and Kathryn Ludlam (HC). .22 ..... Jima Properties Ltd Vs. Kampala District Land Board (HC)...42 ... Lionking International (U) Ltd Vs. Uganda Revenue Authority (HC) ....31 Mandela Auto Spares Vs. Marketing Information Systems (HC)...... .43 Mwesigwa Hannington And 3 Others Vs. Attorney General (CA). .1 ... Nsubuga Bosco Vs. Centenary Bank Ltd (HC)....39 Okello Oryem Alfred and 2 Others Vs. Akright Projects .35 Ltd and Another (Hc).... Peter Mulira Vs. Mitchell Cotts Ltd (HC)... ..36 Peter Muramira Vs. Brian Kaggwa (HC)....46 Rock Petroleum (U) Ltd Vs. Uganda Revenue Authority (HC)....... 20 Stirling Civil Engineering Ltd Vs. Petro (U) Ltd And 2 Others (HC)... ...28 Tirupati Development (U) Ltd Vs. Peter Bibangamba & Another (HC)....40 Uganda Law Society and Another Vs. Attorney General (CC) ...13 Yoweri Bamuhiga And S Others Vs Christine Mugara and 2 Others..... 49
650 ## - SUBJECT ADDED ENTRY--TOPICAL TERM
Topical term or geographic name entry element High court Bulletin
9 (RLIN) 67649
650 ## - SUBJECT ADDED ENTRY--TOPICAL TERM
Topical term or geographic name entry element Supreme Court of Uganda
9 (RLIN) 67680
650 ## - SUBJECT ADDED ENTRY--TOPICAL TERM
Topical term or geographic name entry element Court of appeal of Uganda
9 (RLIN) 67681
700 ## - ADDED ENTRY--PERSONAL NAME
Personal name Mufasha, Didas Bakunzi
9 (RLIN) 67683
700 ## - ADDED ENTRY--PERSONAL NAME
Personal name Nalule, Rose Kawesa
9 (RLIN) 67666
700 ## - ADDED ENTRY--PERSONAL NAME
Personal name Nkunyingi, Muwada
9 (RLIN) 67684
942 ## - ADDED ENTRY ELEMENTS (KOHA)
Source of classification or shelving scheme Dewey Decimal Classification
Koha item type Book
Holdings
Withdrawn status Lost status Source of classification or shelving scheme Materials specified (bound volume or other part) Damaged status Not for loan Home library Current library Date acquired Total Checkouts Full call number Barcode Date last seen Price effective from Koha item type
    Dewey Decimal Classification Volume 2     Law Library Law Library 07/04/2026   348.044 HIG 14993 07/04/2026 07/04/2026 Book

Archbishop Kiwanuka Memorial Library | Uganda Martyrs University P.O. Box : 5498 Kampala, Uganda
Tel : +256-(0) 382-277-901 or +256-(0) 382-410-611 / E-mail : library@umu.ac.ug